Manuel de l'ingénieur des ponts et chaussés. Rédigé conformément au programme annexé au Décret du 7 mars 1868
-д хадгалсан:
| Үндсэн зохиолч: | |
|---|---|
| Формат: | Ном |
| Хэл сонгох: | франц |
| Хэвлэсэн: |
París
Dunod
1878
|
| Хэвлэл: | 1a. ed |
| Нөхцлүүд: | |
| Шошгууд: |
Шошго нэмэх
Шошго байхгүй, Энэхүү баримтыг шошголох эхний хүн болох!
|
MARC
| LEADER | 00000nam a2200000 a 4500 | ||
|---|---|---|---|
| 001 | UCJ6940 | ||
| 003 | CL-VaPUC | ||
| 008 | 070124e18780000FR |||||||||||||||||fre|d | ||
| 082 | 0 | 4 | |a 627 |b DEB |2 21 |
| 100 | 0 | |a Debauve, A |e author |9 514599 | |
| 245 | 1 | 0 | |a Manuel de l'ingénieur des ponts et chaussés. Rédigé conformément au programme annexé au Décret du 7 mars 1868 |
| 250 | |a 1a. ed | ||
| 300 | |a 129 p | ||
| 942 | |c BK | ||
| 945 | |d 20070124 00:00:00 |a rinostro | ||
| 260 | |a París |b Dunod |c 1878 | ||
| 500 | |a Libro compuesto de 129 láminas, algunas plegadas | ||
| 650 | 7 | |a INGENIERIA NAVAL |2 CL-VaPUC |9 262110 | |
| 650 | 0 | |a Navegación |9 255384 | |
| 650 | 0 | |a Transporte marítimo |9 260127 | |
| 650 | 0 | |a Puertos |9 260105 | |
| 650 | 7 | |a FAROS |2 CL-VaPUC |9 365144 | |
| 650 | 0 | |a Construcción |9 260195 | |
| 651 | 0 | |a Francia |9 255157 | |
| 651 | 0 | |a Inglaterra |9 255158 | |
| 583 | |a last modification |c 20070124 00:00:00 |k Rodrigo Vera | ||
| 999 | |c 323042 |d 323040 | ||
| 952 | |0 0 |1 0 |4 0 |6 627_000000000000000_DEB_1878 |7 0 |8 X |9 402276 |a FDOBUD |b FDOBUD |d 2019-11-22 |i 1055356 |o 627 DEB 1878 |p 1055356 |r 2019-11-22 |w 2019-11-22 |y BK_X |k BUD | ||